000
00289nam a22001337a 4500
008
170808b xxu||||| |||| 00| 0 eng d
020
_a
9780763830656
041
_a
eng
080
_a
004
100
_a
35
101
_a
SHKI
245
_a
MICROSOFT EXCEL 2007
_c
RUTKOSKY
942
_2
udc
_c
BK
999
_c
22905
_d
22905